Countries by Official Language - Statistics

General Stats
  • This quiz has been taken 37 times
    35 since last reset
  • The average score is 12 of 15
Answer Stats
Country Official Language % Correct
Egypt Arabic
100%
Denmark Danish
100%
France French
100%
Austria German
100%
Iran Persian
97%
Serbia Serbian
97%
Belize English
94%
Slovakia Slovak
94%
Cambodia Khmer
91%
Uzbekistan Uzbek
89%
Laos Lao
83%
Myanmar Burmese
80%
Sri Lanka Tamil
71%
Eritrea Tigrinya
11%
F. S. Micronesia Woleaian
0%
No matching quizzes found
Score Distribution
Percent of People with Each Score
Percentile by Number Answered
Your Score History
You have not taken this quiz since the last reset